000 00906nam a2200253 a 4500
003 BD-DhJNU
005 20250825033621.0
008 061120s2006 bg b 001 0 eng
020 _a9840517589
040 _aBD-DhJNU
_bENG
_cBD-DhJNU
_dBD-DhJNU
082 0 0 _a338.95492 ECO
_223
245 0 0 _aEconomic analysis of contemporary issues in Bangladesh /
_ceditors, Akhtar Hossain, Farida Khan, Tanweer Akram.
260 _aDhaka :
_bUniversity Press,
_c2006.
300 _axx, 312 p. ;
_c22 cm.
504 _aIncludes bibliographical references and index.
520 _aContributed articles on economic and social policies and issues in Bangaldesh, a study.
651 0 _aBangladesh
_xEconomic policy.
651 0 _aBangladesh
_xSocial policy.
651 0 _aBangladesh
_xEconomic conditions.
700 1 _aHossain, Akhand Akhtar.
700 1 _aKhan, Farida.
700 1 _aAkram, Tanweer.
942 _cBK
999 _c2013
_d2013